| 000 | 01624nam a2200277Ia 4500 | ||
|---|---|---|---|
| 999 |
_c50295 _d50295 |
||
| 001 | 17235 | ||
| 003 | GE_BSU | ||
| 005 | 20200204142218.0 | ||
| 008 | 181216s2014 xx |||||||||||||| ||geo|| | ||
| 020 | _a9789941921346 | ||
| 040 | _cGE_BSU | ||
| 041 | _ageo | ||
| 080 | _a657.6(075.8) თ-87 | ||
| 100 |
_aთურმანიძე, თეიმურაზ. _96771 |
||
| 245 |
_aფინანსური ანალიზი : _bსახელმძღვ.უმაღლესი სასწავლებლების სტუდენტებისათვის _cმთ. რედ . ნოდარ ერიაშვილი ; რედ: სერგო ბარამიძე ; მანანა სულხანიშვილი. |
||
| 264 |
_aთბილისი : _bსამართლიანი საქართველო, _c2014. |
||
| 300 |
_a204 გვ .: _bცხრილ; _c20 სმ. |
||
| 653 | _aბუღალტერია | ||
| 653 | _aეკონომიკა | ||
| 653 | _aფინანსური ანალიზი | ||
| 653 | _aფინანსური მდგომარეობა,ბიზნეს საქმიანობის ძირითადი ტენდენციები. | ||
| 700 |
_aერიაშვილი, ნოდარ _eმთავარი რედაქტორი _93267 |
||
| 700 |
_aბარამიძე, სერგო _eრედაქტორი _96772 |
||
| 700 |
_aსულხანიშვილი, მანანა _eრედაქტორი _96773 |
||
| 942 |
_cBK _2udc |
||